| 000 | 00639nam a2200217 a 4500 | ||
|---|---|---|---|
| 005 | 20240816063718.0 | ||
| 008 | 991125s1979 mx 000 0 spa u | ||
| 020 | _a9688001031 | ||
| 035 | _aUPN01000057614 | ||
| 049 | _aI | ||
| 050 | 4 |
_aQL225 M3 _bM3.99 |
|
| 100 | 1 |
_aMartín del Campo, Rafael _929663 |
|
| 245 | 1 | 0 |
_aU ba'alche'ilo'ob Méxicoo / _cRafael Martín del Campo ; tr. Teodura Canuel Cime. |
| 260 |
_aMéxico : _bCONAFE : _aSEP, _c1979. |
||
| 300 |
_a32 p. : _bil., col. |
||
| 440 | 0 | _aColibrí | |
| 500 | _a"Numero especial en Maya" | ||
| 650 | 2 |
_aAnimales _91051 |
|
| 650 | 4 |
_aANIMALES EXTINTOS _91057 |
|
| 905 | _aInfantil | ||
| 999 |
_c57614 _d57614 |
||